Library Banner

Pur amn hamla (Urdu) (Record no. 44962)

MARC details
000 -LEADER
fixed length control field 00481nam a2200193Ia 4500
001 - CONTROL NUMBER
control field 47030
008 - FIXED-LENGTH DATA ELEMENTS--GENERAL INFORMATION
fixed length control field 140429s9999 xx 000 0 und d
020 ## - INTERNATIONAL STANDARD BOOK NUMBER
International Standard Book Number NA
040 ## - CATALOGING SOURCE
Transcribing agency PK-LaUMT
082 ## - DEWEY DECIMAL CLASSIFICATION NUMBER
Classification number RHC 320.532
Item number HID-P
100 ## - MAIN ENTRY--PERSONAL NAME
Personal name Hyde, Douglas
245 ## - TITLE STATEMENT
Title Pur amn hamla (Urdu)
Statement of responsibility, etc Hyde, Douglas<>Sagheer, Muhammad
260 ## - PUBLICATION, DISTRIBUTION, ETC. (IMPRINT)
Place of publication, distribution, etc Dehli,India:
Name of publisher, distributor, etc National Academy,
Date of publication, distribution, etc 1965
300 ## - PHYSICAL DESCRIPTION
Extent 168 p.
546 ## - LANGUAGE NOTE
Language note UR
650 ## - SUBJECT ADDED ENTRY--TOPICAL TERM
Topical term or geographic name as entry element Communism
700 ## - ADDED ENTRY--PERSONAL NAME
Personal name Sagheer, Muhammad
942 ## - ADDED ENTRY ELEMENTS (KOHA)
Koha item type Books
Holdings
Withdrawn status Lost status Damaged status Not for loan Home library Current library Date acquired Total Checkouts Full call number Barcode Date last seen Price effective from Koha item type
        UMT Main Campus UMT Main Campus 2014-04-29   RHC 320.532 HID-P 55937 2014-05-06 2014-05-06 Books